000
00260nam a2200097Ia 4500
001
683823
005
20250826161446.0
008
250824s9999 xx 000 0 und d
245
0
_a
FELATUN BEY VE RAKIM EFENDİ
_c
AHMET MİTHAT EFENDİ
260
_b
ANONİM YAYINLARI
999
_c
683823
_d
683823